000 00267 a2200097 4500
001 35360
100 _aManko Howard H
245 _aSoldering Handbook for Printer Circuits & Surface Mounting
260 _aNew York
_bVan Nostrand Reinhold
_c
090 _c23390
_d23390
942 _aNUST-CAE
_cM
_c14881
999 _c270433
_d270433